2017/18 Premier League Teams - Statistics

General Stats
  • This quiz has been taken 131 times
  • The average score is 17 of 20
Answer Stats
Team % Correct
Arsenal
99%
Manchester City
99%
Manchester United
99%
Chelsea
97%
Liverpool
96%
Tottenham Hotspur
93%
Everton
91%
West Ham United
90%
Bournemouth
84%
Newcastle United
82%
Brighton & Hove Albion
80%
Crystal Palace
79%
Leicester City
79%
West Bromwich Albion
79%
Burnley
78%
Stoke City
74%
Southampton
71%
Swansea City
71%
Huddersfield Town
68%
Watford
68%
No matching quizzes found
Score Distribution
Percent of People with Each Score
Percentile by Number Answered
Your Score History
You have not taken this quiz